| 000 | 00835cab a2200193 4500 | ||
|---|---|---|---|
| 001 | L135848 | ||
| 008 | 061213n2006 000 0 eng u | ||
| 035 | _a(Sirsi) u135848 | ||
| 041 | 0 | _aeng | |
| 100 | 1 | _aAlexander, Anthony | |
| 245 | 0 | 0 | _aRecovery planners improve standards |
| 260 | _c2006 | ||
| 490 | 0 |
_aPlanning (for the Natural and Built Environment) _v(1694) 10 November 2006, 16-18(3) |
|
| 520 | _aFocuses on the recovery efforts in the wake of Hurricane Katrina, arguing that the disaster has encouraged important questions to be raised about how we build in the 21st century and looking at the first signs of sustainable communities being developed in Mississippi. | ||
| 590 | _aKA | ||
| 651 | 4 | _aUNITED STATES | |
| 690 | _aENVIRONMENTAL AND LAND CONSULTANCY-PLANNING AND DEVELOPMENT-STRATEGIC PLANNING | ||
| 942 | _n0 | ||
| 999 |
_c78039 _d78039 |
||